Eastern Utah Libraries Catalog: Duchesne, Heber, Roosevelt, & Vernal

Blue lightning / (Record no. 314356)

MARC details
000 -LEADER
fixed length control field 02963cam a2200685 a 4500
001 - CONTROL NUMBER
control field ocn555656364
003 - CONTROL NUMBER IDENTIFIER
control field OCoLC
005 - DATE AND TIME OF LATEST TRANSACTION
control field 20200320214027.0
008 - FIXED-LENGTH DATA ELEMENTS--GENERAL INFORMATION
fixed length control field 100726s2010 nyu 000 1 eng
010 ## - LIBRARY OF CONGRESS CONTROL NUMBER
LC control number 2010030315
019 ## -
-- 803422369
020 ## - INTERNATIONAL STANDARD BOOK NUMBER
International Standard Book Number 9780312384357
Qualifying information (alk. paper)
020 ## - INTERNATIONAL STANDARD BOOK NUMBER
International Standard Book Number 0312384351
Qualifying information (alk. paper)
020 ## - INTERNATIONAL STANDARD BOOK NUMBER
International Standard Book Number 9780312384449
020 ## - INTERNATIONAL STANDARD BOOK NUMBER
International Standard Book Number 0312384440
020 ## - INTERNATIONAL STANDARD BOOK NUMBER
Terms of availability 16.99
029 1# - (OCLC)
OCLC library identifier AU@
System control number 000045856464
035 ## - SYSTEM CONTROL NUMBER
System control number (OCoLC)555656364
Canceled/invalid control number (OCoLC)803422369
040 ## - CATALOGING SOURCE
Original cataloging agency DLC
Language of cataloging eng
Transcribing agency DLC
Modifying agency YDX
-- BTCTA
-- YDXCP
-- EZP
-- ZPX
-- CVS
-- UPZ
-- PZT
-- IGP
-- BDX
-- OCLCF
-- OCLCO
-- OCLCQ
-- OCLCO
-- FEM
-- NCRJL
-- OCLCO
-- TUL
-- RB0
-- SFR
-- OCLCQ
-- TXNPS
-- OCLCQ
-- YU2
-- RTOPP
-- NTG
-- OCLCQ
-- OCLCO
-- WACOL
043 ## - GEOGRAPHIC AREA CODE
Geographic area code e-uk-st
049 ## - LOCAL HOLDINGS (OCLC)
Holding library WACL
050 00 - LIBRARY OF CONGRESS CALL NUMBER
Classification number PR6053.L45
Item number B58 2010
082 00 - DEWEY DECIMAL CLASSIFICATION NUMBER
Classification number 823/.914
Edition number 22
092 ## - LOCALLY ASSIGNED DEWEY CALL NUMBER (OCLC)
Classification number F
Item number Cle
100 1# - MAIN ENTRY--PERSONAL NAME
Personal name Cleeves, Ann.
9 (RLIN) 23032
245 10 - TITLE STATEMENT
Title Blue lightning /
Statement of responsibility, etc Ann Cleeves.
250 ## - EDITION STATEMENT
Edition statement 1st U.S. ed.
260 ## - PUBLICATION, DISTRIBUTION, ETC. (IMPRINT)
Place of publication, distribution, etc New York :
Name of publisher, distributor, etc Minotaur Books,
Date of publication, distribution, etc 2010.
300 ## - PHYSICAL DESCRIPTION
Extent 356 pages ;
Dimensions 22 cm.
336 ## - Content Type
Content type term text
337 ## - Media type
Media type term unmediated
338 ## - Carrier type
Carrier type term volume
490 1# - SERIES STATEMENT
Series statement Shetland Island series
520 ## - SUMMARY, ETC.
Summary, etc When a woman's body is discovered at the renowned Fair Isle's bird observatory, with feathers threaded through her hair, the islanders react with fear and anger. With no support from the mainland and only his fiancé to help him, Shetland Detective Jimmy Perez soon realizes that this is no crime of passion--but a murder of cold and calculated intention.
650 #0 - SUBJECT ADDED ENTRY--TOPICAL TERM
Topical term or geographic name as entry element Perez, Jimmy (Fictitious character)
Form subdivision Fiction.
9 (RLIN) 5679198
650 #0 - SUBJECT ADDED ENTRY--TOPICAL TERM
Topical term or geographic name as entry element Police
Geographic subdivision Scotland
Form subdivision Fiction.
9 (RLIN) 5754290
651 #0 - SUBJECT ADDED ENTRY--GEOGRAPHIC NAME
Geographic name Fair Isle (Scotland)
Form subdivision Fiction.
9 (RLIN) 5986207
650 #0 - SUBJECT ADDED ENTRY--TOPICAL TERM
Topical term or geographic name as entry element Islands
Geographic subdivision Scotland
Form subdivision Fiction.
9 (RLIN) 5986208
650 #0 - SUBJECT ADDED ENTRY--TOPICAL TERM
Topical term or geographic name as entry element Murder
General subdivision Investigation
Form subdivision Fiction.
9 (RLIN) 5673630
650 #1 - SUBJECT ADDED ENTRY--TOPICAL TERM
Topical term or geographic name as entry element Islands
Geographic subdivision Scotland
Form subdivision Fiction.
9 (RLIN) 5986208
650 #7 - SUBJECT ADDED ENTRY--TOPICAL TERM
Topical term or geographic name as entry element Islands.
Source of heading or term fast
-- (OCoLC)fst00980104
9 (RLIN) 5986209
650 #7 - SUBJECT ADDED ENTRY--TOPICAL TERM
Topical term or geographic name as entry element Murder
General subdivision Investigation.
Source of heading or term fast
-- (OCoLC)fst01029788
9 (RLIN) 88186
650 #7 - SUBJECT ADDED ENTRY--TOPICAL TERM
Topical term or geographic name as entry element Perez, Jimmy (Fictitious character)
Source of heading or term fast
-- (OCoLC)fst01762274
9 (RLIN) 5956521
650 #7 - SUBJECT ADDED ENTRY--TOPICAL TERM
Topical term or geographic name as entry element Police.
Source of heading or term fast
-- (OCoLC)fst01068398
9 (RLIN) 5986210
651 #7 - SUBJECT ADDED ENTRY--GEOGRAPHIC NAME
Geographic name Scotland.
Source of heading or term fast
-- (OCoLC)fst01206715
9 (RLIN) 5986211
651 #7 - SUBJECT ADDED ENTRY--GEOGRAPHIC NAME
Geographic name Scotland
Geographic subdivision Fair Isle.
Source of heading or term fast
-- (OCoLC)fst01245474
9 (RLIN) 5986212
655 #4 - INDEX TERM--GENRE/FORM
Genre/form data or focus term Mystery fiction.
9 (RLIN) 5986213
655 #7 - INDEX TERM--GENRE/FORM
Genre/form data or focus term Fiction.
Source of term fast
-- (OCoLC)fst01423787
9 (RLIN) 5673940
655 #7 - INDEX TERM--GENRE/FORM
Genre/form data or focus term Mystery fiction.
Source of term gsafd
9 (RLIN) 5986213
655 #7 - INDEX TERM--GENRE/FORM
Genre/form data or focus term Fiction.
Source of term lcgft
9 (RLIN) 5673940
800 1# - SERIES ADDED ENTRY--PERSONAL NAME
Personal name Cleeves, Ann.
Title of a work Shetland Island Quartet.
9 (RLIN) 5986214
938 ## -
-- Brodart
-- BROD
-- 11306874
-- $24.99
938 ## -
-- Baker and Taylor
-- BTCP
-- BK0008835542
938 ## -
-- YBP Library Services
-- YANK
-- 3413539
938 ## -
-- YBP Library Services
-- YANK
-- 8639675
942 ## - ADDED ENTRY ELEMENTS (KOHA)
Koha item type BOOK
948 ## - LOCAL PROCESSING INFORMATION (OCLC); SERIES PART DESIGNATOR (RLIN)
Series part designator, SPT (RLIN) 10/22/2018
z (OCLC) Sirsi
994 ## -
-- C0
-- WACOL
996 ## -
-- 156966
-- 34301001565854
-- F
-- bk
-- wcl
-- i
-- 5
-- 16.95
-- gift
-- Cle
-- 10/22/2018
-- 01/03/2020
-- 12/20/2019
Holdings
Withdrawn status Lost status Source of classification or shelving scheme Damaged status Not for loan Collection code Home library Current library Shelving location Date acquired Source of acquisition Cost, normal purchase price Total Checkouts Total Renewals Full call number Barcode Date last seen Date checked out Cost, replacement price Price effective from Koha item type
    Dewey Decimal Classification     Fiction Wasatch County Library Wasatch County Library First Floor 10/22/2018 Donation 16.95 11 2 F Cleeves 34301001565854 10/23/2025 10/14/2025 16.95 03/20/2020 BOOK
This project was made possible through a grant from the Institute of Museum and Library Service administered by the Utah State Library Division.

Wasatch County Library

  • 465 East 1200 South, Heber City, Utah 84032
  • Phone 435-654-1511 | Fax 435-654-6456

Hours

  • Monday - Friday 9:30 AM - 8:00 PM
  • Saturday 9:30 AM - 1:30 PM
  • Closed Sundays and Holidays